[Event "Negambo op 4th"]
[Site "Negambo"]
[Date "2018.08.17"]
[Round "4"]
[White "Jayawickrama, UWRK"]
[Black "Seneviratne, Shehan Kavishka"]
[Result "0-1"]
[WhiteElo "1312"]
[BlackElo "1707"]
[PlyCount "76"]
[EventDate "2018.08.16"]
[EventType "swiss"]
[EventRounds "10"]
[EventCountry "SRI"]
[SourceTitle "CBM 186 Extra"]
[Source "ChessBase"]
[SourceDate "2018.08.24"]
[SourceVersion "1"]
[SourceVersionDate "2018.08.24"]
[SourceQuality "1"]

1. d4 Nf6 2. c4 g6 3. Nc3 Bg7 4. Nf3 d6 5. e4 0-0 6. Be2 e5 7. dxe5 dxe5 8. Qxd8 Rxd8 9. Bg5 Re8 10. 0-0 c6 11. Rfd1 h6 12. Bh4 Nbd7 13. Ne1 Nc5 14. f3 Be6 15. Bf2 Bf8 16. Rd2 a5 17. a4 Nb3 18. Rad1 Nxd2 19. Rxd2 Nd7 20. Nc2 Bc5 21. Na1 Bxf2+ 22. Kxf2 Nc5 23. b3 Red8 24. Nb1 f5 25. Ke3 f4+ 26. Kf2 g5 27. Ke1 g4 28. Nc3 Rxd2 29. Kxd2 Rd8+ 30. Kc2 g3 31. hxg3 fxg3 32. Nd1 h5 33. Ne3 h4 34. Bf1 Kg7 35. Kc3 h3 36. gxh3 Bxh3 37. Nf5+ Bxf5 38. exf5 Rd1 0-1

[Event "Ambalangoda Dhamso op 8th"]
[Site "Ambalangoda"]
[Date "2018.04.22"]
[Round "7"]
[White "Upananda, KY Sasmitha"]
[Black "Jayawickrama, UWRK"]
[Result "1/2-1/2"]
[WhiteElo "1626"]
[BlackElo "1318"]
[PlyCount "49"]
[EventDate "2018.04.19"]
[EventType "swiss"]
[EventRounds "9"]
[EventCountry "SRI"]
[SourceTitle "CBM 184 Extra"]
[Source "ChessBase"]
[SourceDate "2018.06.28"]
[SourceVersion "1"]
[SourceVersionDate "2018.06.28"]
[SourceQuality "1"]

1. d4 d5 2. c4 e6 3. Nc3 Nf6 4. cxd5 exd5 5. Bg5 c6 6. e3 Be7 7. Qc2 0-0 8. Bd3 Nbd7 9. Nf3 h6 10. Bf4 Re8 11. h3 Bb4 12. 0-0 Bxc3 13. bxc3 Ne4 14. c4 Ndf6 15. cxd5 cxd5 16. Rfc1 Re7 17. Qb3 Be6 18. Rc2 Rc8 19. Rxc8 Qxc8 20. Qa3 Qc3 21. Qxc3 Nxc3 22. a3 Re8 23. Nd2 Rc8 24. Nb3 Na4 25. Bb5 1/2-1/2